000 00663 a2200193 4500
010 _aENG-89299
020 _a8131303139
_c295.00
035 _aEN-72832
037 _bDBAD / PUB
082 1 4 _a374
090 _c10721
_d10721
100 1 _aDhar, Bharat B.
245 1 _aHigher education system/
_cby Bharat B. Dhar
260 _aNew Delhi
_bAPH Publishing Corporation
_c2008
270 _a4435-36/7, Ansari Road, Darya Ganj,
_bNew Delhi
_cDelhi
_e110002
_k23274050
_maphbook@vsnl.net
300 _axvi, 121p.
_c23 cm (Hb)
942 _adpl
_cEN
_k374 / DHA
999 _c10426
_d10426